000 00423nam a22001697a 4500
003 NUST - PNEC
005 20170116180847.0
008 150824b xxu||||| |||| 00| 0 eng d
020 _a8177584421
040 _cLIBRARY
082 _a658.3 DES
100 _95523
_aDessler, Gary
245 _aHuman resource management
_cGary dessier
250 _a10th ed
650 _95526
_aPersonnel management
_xME
942 _2ddc
_cBK
999 _c64503
_d64503